Thực trạng công tác can thiệp sớm cho trẻ khiếm thính trên địa bàn TP Đông Hà - Tỉnh Quảng Trị

Cơ sở lý luận. Thực trạng công tác can thiệp sớm cho trẻ khiếm thính trên địa bàn TP Đông Hà - Tỉnh Quảng Trị

Enregistré dans:
Détails bibliographiques
Auteur principal: Nguyễn, Thị Thùy An
Autres auteurs: Lê, Thị Hằng Th.S (Hướng dẫn)
Format: Livre
Langue:Vietnamese
Publié: Đại học Đà Nẵng Trường đại học Sư Phạm 2011
Collection:Khóa luận tốt nghiệp đại học. Chuyên ngành: Sư phạm Giáo dục Đặc biệt
Sujets:
Tags: Ajouter un tag
Pas de tags, Soyez le premier à ajouter un tag!
Thư viện lưu trữ: Mạng thư viện Đại học Đà Nẵng
LEADER 01557nam a2200349 4500
001 000012230
003 8523
005 20120216160234.0
008 120216s2011 viesd
041 |a vie 
072 |a Khóa luận tốt nghiệp 
082 |a 155.45  |b NG-A 
100 |a Nguyễn, Thị Thùy An 
245 |a Thực trạng công tác can thiệp sớm cho trẻ khiếm thính trên địa bàn TP Đông Hà - Tỉnh Quảng Trị  |c Nguyễn, Thị Thùy An 
260 |a Đại học Đà Nẵng  |b Trường đại học Sư Phạm  |c 2011 
300 |a 57 tr.  |b hình mhọa  |c 29 cm 
490 |a Khóa luận tốt nghiệp đại học. Chuyên ngành: Sư phạm Giáo dục Đặc biệt 
500 |a Tham khảo tr.57 + phụ lục [10 tr.] 
520 |a Cơ sở lý luận. Thực trạng công tác can thiệp sớm cho trẻ khiếm thính trên địa bàn TP Đông Hà - Tỉnh Quảng Trị 
653 |a Khóa luận tốt nghiệp đại học 
653 |a Khoa Tâm lý - Giáo dục 
700 |a Lê, Thị Hằng  |c Th.S  |e Hướng dẫn 
OWN |a LSP 
AVA |a UDN50  |b LSP  |d 155.45 NG-A  |e available  |t Error 5001 Not defined in file expand_doc_bib_avail.  |f 1  |g 0  |h N  |i 0  |k 1 
999 |a From the UDN01 
AVA |a UDN50  |b LSP  |d 155.45 NG-A  |e available  |t Error 5001 Not defined in file expand_doc_bib_avail.  |f 1  |g 0  |h N  |i 0  |k 1 
TYP |a Monograph 
TYP |a Printed language 
980 |a Mạng thư viện Đại học Đà Nẵng